Giordano Bruno : el hereje impenitente /

Guardat en:
Dades bibliogràfiques
Autor principal: White, Michael (autor)
Format: Llibre
Idioma:espanyol
Publicat: Buenos Aires, Argentina : Ediciones B, 2002, c2002
Matèries:
Etiquetes: Afegir etiqueta
Sense etiquetes, Sigues el primer a etiquetar aquest registre!

MARC

LEADER 00000nam^a2200000^a^4500
001 000444999
005 20250521000000.0
009 20260310123531.695
020 |a 950-15-2204-0 
037 |a Acervo ITESO - Biblioteca 
041 |a ESP 
082 |a 140. 92  |b WHI 
100 |a White, Michael  |e (autor) 
245 1 0 |a Giordano Bruno :  |b el hereje impenitente /  |c M. White ; tr. por Albert Solé. 
264 4 |a Buenos Aires, Argentina :  |b Ediciones B,  |c 2002, c2002 
300 |a 222 p. 
336 |a texto  |b txt  |2 rdacontenido 
337 |a sin mediación  |b n  |2 rdamedio 
338 |a volumen  |b nc  |2 rdasoporte 
500 |a Traducción de: The Pope and the Heretic 
545 0 |a Giordano Bruno (Nola, 1548 - Roma, 1600), bautizado como Filippo, tomó el nombre de Giordano al ingresar con los dominicos en 1565, orden en la cual se convirtió en sacerdote en 1572. Con estudios en diáléctica y humanidades, ya en 1566 fue tachado de hereje, acusación que le significó la salida de los dominicos en 1576 y que, finalmente, por orden del Papa Clemente VII, lo llevó a juicio, en el cual fue declarado culpable y condenado a la hoguera, lo mismo que sus libros. Interesado en la cosmología, la física, la magia y el arte de la memoria, Bruno fue un copernicano convencido que sostuvo la infinitud de un universo que se transforma continuamente, defendió la superioridad de la teoría sobre la práctica y, contra el tomismo clásico, abogó por el carácter profesional del filósofo, desvinculando a la filosofía de la religión. Partiendo desde una posición cristiana, su pensamiento desembocó en un panteísmo naturalista y místico; para Bruno, Dios y el Universo son sinónimos que designan una sola realidad. Algunos de sus títulos son Las ideas humanas; Cantos circenses; De umbris idearum; La cena de las cenizas; Del universo infinito y los mundos; Sobre la causa, el principio y la unidad; Los furores heroicos; y, Candelero, entre otros. 
649 |a XX 
650 |a Filósofos Italianos -  |x Biografías 
650 |a Ontología 
650 |a Filosofía de la Naturaleza 
650 |a Magia 
650 |a Panteísmo -  |x Historia y Crítica 
650 |a Filosofía del Renacimiento -  |x Historia y Crítica 
650 |a Filosofía Italiana -  |x Historia y Crítica 
650 |a Bruno, Giordano -  |x Tema Principal 
910 |a Fondo Castillo-Martínez 
920 |a Impresos - Libros 
930 |a Fondos Especiales 
905 |a 127 
901 |a 0500347144  |b IT2  |c ESP  |i D125264  |u 20250521 
902 |a https://opac.biblio.iteso.mx/vufind/Record/000444999